Identifying potential public-private research partnerships for Slovakia

Gespeichert in:
Bibliographische Detailangaben
1. Verfasser: Hartmann, Christian
Weitere Verfasser: Berger, Martin, Zee van der, Frans A., Buček, Milan, Rehák, Štefan, 1974-
Format: Buchkapitel
Sprache:Englisch
Tags: Tag hinzufügen
Keine Tags, Fügen Sie das erste Tag hinzu!

MARC

LEADER 00000naa$a2200000$$$4500
001 0064238
005 20240502083154.5
041 0 |a eng 
044 |a AT 
245 1 0 |a Identifying potential public-private research partnerships for Slovakia  |c Christian Hartmann, Martin Berger, Frans A. Zee van der, Milan Buček, Štefan Rehák 
100 1 |a Hartmann, Christian 
700 1 |a Berger, Martin 
700 1 |a Zee van der, Frans A. 
700 1 |a Buček, Milan 
700 1 |a Rehák, Štefan, 1974-